00745nam a22002297a 45000010005000000030006000050050017000110080041000280200019000690400033000880500014001210820012001351000027001472450039001742600037002133000025002505050007002755200178002825210018004605210018004787000019004964005FISKH20240530090907.0240530b cb ||||| |||| 00| 0 eng d a9780590471572  aFISKH beng cFISKH dFISKH  aPZ7.V874  a813.54  aVoigt Cynthia d1942-  aA solitary blue / cCynthia Voigt  aNew York : bScholastic, c1993  a307 pages : c18 cm  aM  aJeff's mother, who deserted the family years before, reenters his life and widens the gap between Jeff and his father, a gap that only truth, love, and friendship can heal. 8 a770 bLexile 8 aM bRaz-Plus  aCynthia Voigt